| 000 | 01076nam a22002777a 4500 | ||
|---|---|---|---|
| 003 | PE SENCICO BE | ||
| 005 | 20251020182649.0 | ||
| 008 | 240116b |||||||| |||| 00| 0 eng d | ||
| 040 |
_aPE SENCICO BE _cPE SENCICO BE |
||
| 041 | _aspa | ||
| 084 |
_aI _aDIS _a2018 _bC27 |
||
| 100 | 1 |
_91883 _aChavez Gonzales, Gustavo Edgar _eautor |
|
| 245 | 1 |
_aDiseño de oficina SQM vitas / _cGustavo Edgar Chavez Gonzales |
|
| 260 |
_aLima : _c2018 |
||
| 300 |
_a2 v. : _bil. col. ; _c30 cm. |
||
| 500 | _aEl volumen 2 contiene planos. | ||
| 502 | _a Monografía de Titulación.-- Servicio Nacional de Capacitación para la Industria de la Construcción. Escuela Superior Técnica. Carrera Profesional Técnica en Diseño de Interiores, 2018 | ||
| 650 | 1 | 0 |
_944 _aDiseño de interiores |
| 650 | 2 | 0 |
_96 _aOficinas |
| 650 | 2 | 0 |
_91800 _aAntropometría |
| 650 | 2 | 0 |
_99 _aEspacios interiores |
| 650 | 2 | 0 |
_9615 _aPlanos |
| 710 | 1 |
_aServicio Nacional de Capacitación para la Industria de la Construcción. _bEscuela Superior Técnica _91065 |
|
| 910 |
_bhfp _chfp |
||
| 942 |
_cMON _2ddc |
||
| 999 |
_c4510 _d4510 |
||